Born in North Carolina Quiz Stats

 Plays Quiz Updated Dec 5, 2016

Also try: Born in New York
Challenge
Share
Tweet
Score 0/20 Timer 04:00
2 Plays Today
% Correct
Julianne Moore
67.9%
Andy Griffith
65.8%
Edward Snowden
59.5%
Dale Earnhardt Sr.
54.6%
Vince McMahon
48.7%
Zach Galifianakis
44.3%
Fred Durst
43.5%
Billy Graham
43.2%
Chris Paul
41.1%
Clay Aiken
40.3%
% Correct
Andrew Johnson
34.8%
Sugar Ray Leonard
33.5%
Michael C. Hall
32.1%
Pam Grier
27.1%
Charlie Rose
25.2%
Catfish Hunter
22.6%
Ava Gardner
20.9%
Evan Rachel Wood
16.5%
Eric Church
12.6%
John Coltrane
11.4%

You're not logged in!

Compare scores with friends on all Sporcle quizzes.
Join for Free
OR
Log In

You Might Also Like...

Show Comments

Extras

Top Quizzes Today


Score Distribution

Your Account Isn't Verified!

In order to create a playlist on Sporcle, you need to verify the email address you used during registration. Go to your Sporcle Settings to finish the process.

Report this User

Report this user for behavior that violates our Community Guidelines.

Details: